Biggest City by Latitude - Statistics

General Stats
  • This quiz has been taken 23 times
  • The average score is 9 of 13
Answer Stats
Latitude Population City % Correct
20-30 S 22 M São Paulo
95%
30-40 N 39 M Shanghai
95%
30-40 S 15 M Buenos Aires
90%
20-30 N 32 M Delhi
90%
0-10 S 34 M Jakarta
90%
50-60 N 14.5 M London
90%
60-70 N 5.5 M St. Petersburg
81%
40-50 N 16 M Istanbul
71%
0-10 N 21 M Lagos
71%
10-20 S 11 M Lima
62%
10-20 N 24 M Manila
62%
50-60 S 130 k Punta Arenas
33%
40-50 S 250 k Puerto Montt
5%
No matching quizzes found
Score Distribution
Percent of People with Each Score
Percentile by Number Answered
Your Score History
You have not taken this quiz